Leadership in the modern presidency /

Bibliographic Details
Other Authors: Greenstein, Fred I.
Format: Book
Language:English
Published: Cambridge, Mass. : Harvard University Press, 1988.
Subjects:

MARC

Tag First Indicator Second Indicator Subfields
LEADER 00000cam a2200000 a 4500
001 in00000017480
005 20151007053554.0
008 870922s1988 maua b 00100 eng
010 |a  87027801  
020 |a 0674518543 (alk. paper) 
035 |a (OCoLC)16901430 
035 |9 AAB2115AM 
040 |a DLC  |c DLC  |d TXA  |d UtOrBLW 
043 |a n-us--- 
049 |a TXAM  |c [A11466038] 
050 0 0 |a E176.1  |b .L33 1988 
082 0 |a 973.9/092/2  |2 19 
245 0 0 |a Leadership in the modern presidency /  |c edited by Fred I. Greenstein. 
264 1 |a Cambridge, Mass. :  |b Harvard University Press,  |c 1988. 
300 |a 430 pages :  |b illustrations ;  |c 25 cm. 
336 |a text  |b txt  |2 rdacontent 
337 |a unmediated  |b n  |2 rdamedia 
338 |a volume  |b nc  |2 rdacarrier 
504 |a Bibliography: pages [355]-418. 
500 |a Includes index. 
650 0 |a Presidents  |z United States  |x History  |y 20th century. 
650 0 |a Political leadership  |z United States  |x History  |y 20th century. 
651 0 |a United States  |x Politics and government  |y 20th century. 
700 1 |a Greenstein, Fred I. 
999 |a MARS 
999 f f |s 4484fcc8-672f-3b53-8860-075df2ccce16  |i 9a473923-8a50-3aea-afa6-53a529b68319  |t 0 
952 f f |p ric  |a Texas A&M University  |b Rellis Campus  |c Joint Library Facility  |d Remote Storage  |t 0  |e E176.1 .L33 1988  |h Library of Congress classification  |i unmediated -- volume  |m A14811466038 
998 f f |a E176.1 .L33 1988  |t 0  |l Remote Storage